Environmental economics : (Record no. 6403)

MARC details
000 -LEADER
fixed length control field 01474cam a2200265 4500
001 - CONTROL NUMBER
control field 7490
005 - DATE AND TIME OF LATEST TRANSACTION
control field 20181127183729.0
008 - FIXED-LENGTH DATA ELEMENTS--GENERAL INFORMATION
fixed length control field 060912s2007 enka b 001 0 eng
010 ## - LIBRARY OF CONGRESS CONTROL NUMBER
LC control number 2006049284
020 ## - INTERNATIONAL STANDARD BOOK NUMBER
International Standard Book Number 033397137X (paper)
International Standard Book Number 9780333971376 (paper)
082 00 - DEWEY DECIMAL CLASSIFICATION NUMBER
Classification number 333.7
Edition number 22
100 1# - MAIN ENTRY--PERSONAL NAME
Personal name Hanley, Nick.
245 10 - TITLE STATEMENT
Title Environmental economics :
Remainder of title in theory and practice /
Statement of responsibility, etc. Nick Hanley, Jason F. Shogren and Ben White.
250 ## - EDITION STATEMENT
Edition statement 2nd ed.
260 ## - PUBLICATION, DISTRIBUTION, ETC.
Place of publication, distribution, etc. Basingstoke [England] ;
-- New York :
Name of publisher, distributor, etc. Palgrave Macmillan,
Date of publication, distribution, etc. 2007.
300 ## - PHYSICAL DESCRIPTION
Extent xvi, 459 p. :
Other physical details ill. ;
Dimensions 24 cm.
504 ## - BIBLIOGRAPHY, ETC. NOTE
Bibliography, etc. note Includes bibliographical references and indexes.
505 ## - FORMATTED CONTENTS NOTE
Formatted contents note Economy Environment Interactions.- Sustainable Development.- Market Failure.- Incentive Design.- Emission Taxes and Tradable Emission Permits: Theory into Practice.- Transboundary and Global Pollution.- Nonrenewable Resources: Market Structure and Policy.- Nonrenewable Resource Scarcity, Costs, and Externalities.- Biological Natural Resources: the Fishery.- Forestry Economics.- Theory and Methods for Environmental Valuation.- Environmental Risk.- Trade and the Environment.
Miscellaneous information
Statement of responsibility
Title
520 ## - SUMMARY, ETC.
Summary, etc. Environmental Economics in Theory and Practice is an ideal text for students taking advanced courses in environmental and natural resource economics.
650 #0 - SUBJECT ADDED ENTRY--TOPICAL TERM
Topical term or geographic name entry element Environmental economics.
700 1# - ADDED ENTRY--PERSONAL NAME
Personal name Shogren, Jason F.
Personal name White, Ben
Fuller form of name (Benedict)
Holdings
Withdrawn status Lost status Source of classification or shelving scheme Damaged status Not for loan Collection code Home library Current library Shelving location Date acquired Serial Enumeration / chronology Inventory number Total Checkouts Total Renewals Full call number Barcode Date last seen Date last checked out Price effective from Koha item type
    Dewey Decimal Classification     Main TEST RTC Library RTC Library Main opac 18/02/2022 11443 2 3 333.7 HAN 30011999 21/12/2022 24/10/2022 27/11/2018 Main
Royal Thimphu College || All Right Reserved